| 000 | 01008nam a22003017a 4500 | ||
|---|---|---|---|
| 001 | 9219 | ||
| 003 | FISKH | ||
| 005 | 20251203091703.0 | ||
| 008 | 251203b cb ||||| |||| 00| 0 eng d | ||
| 020 | _a9780689852336 | ||
| 040 |
_aFISKH _beng _cFISKH _dFISKH |
||
| 050 | _aPZ7.V215 H | ||
| 082 | _a394.26 | ||
| 100 |
_aValdes, Leslie _eAuthor |
||
| 245 |
_aHappy mother's day, Mami! / _cadapted by Leslie Valdes ; illustrated by Jason Fruchter |
||
| 260 |
_aNew York : _bSimon Spotlight , _c2003 |
||
| 300 |
_a22 unnumbered pages : _bcolor illustrations ; _c21 cm |
||
| 490 |
_aDora the explorer : _v3 |
||
| 505 | _aG | ||
| 520 | _a"It's Mother's Day! Dora has decided to make a special cake for her mami, but first she must gather all the ingredients..." | ||
| 521 | 8 |
_a400
_bLexile estimate |
|
| 521 | 8 |
_aG
_bRaz-Plus |
|
| 650 |
_aCelebration _vMother's day |
||
| 650 |
_aDora the explorer _vDaughter |
||
| 700 |
_aFruchter, Jason _eIllustrator |
||
| 942 |
_2ddc _cBK _n0 |
||
| 999 |
_c9219 _d9219 |
||